000 01136nam a22002417a 4500
005 20240305165415.0
007 cr|||| ||||
008 130711s2008 mx |||||s|||| 00||0 spa d
020 _a978-970-722-818-4
035 _a11392
040 _avLex
090 _c4426
_d4426
245 1 0 _aAportaciones de la psicología al problema de la infección por VIH
_h[Recurso electrónico] :
_bInvestigación e intervención
256 _aServicio en línea
260 _aMéxico D.F.:
_bPlaza y Valdés Editores,
_c2008
300 _a1 recurso electrónico
506 1 _aContenido solo disponible en los productos indicados
_dvLex Global
_dvLex Global (Academic Edition, excluding Law Schools)
_dvLex Global (U.S. Academic Edition, Law Schools)
_dvLex Global (U.S. Academic Edition, excluding Law Schools)
_dvLex Global (Academic Edition, Law Schools)
650 0 4 _aPsícologia
_zMéxico
650 0 4 _a HIV (Viruses)
_zMéxico
740 0 _avLex Libros (Servicio en línea)
856 4 0 _uhttps://app.vlex.com/#/sources/aportaciones-de-la-psicologia-al-problema-de-la-infeccion-por-vih-investigacion-e-intervencion-11392
942 _cRAA
999 _c162791
_d162791